Top 10 Monaco Starting XI - Statistics

General Stats
  • This quiz has been taken 774 times
    316 since last reset
  • The average score is 30 of 88
Answer Stats
Team Player % Correct
2016-17, 2017-18 Radamel Falcao
96%
2013-14, 2016-17, 2017-18 Danijel Subašić
93%
2016-17 Bernardo Silva
88%
2016-17, 2017-18 Kamil Glik
85%
2016-17, 2017-18 Fabinho
83%
2016-17 Benjamin Mendy
77%
1991-92 Roger Mendy
77%
2016-17, 2017-18 Djibril Sidibé
76%
2013-14 James Rodríguez
74%
2016-17, 2017-18 Thomas Lemar
74%
2023-24 Aleksandr Golovin
71%
1991-92 George Weah
70%
2016-17 Tiemoué Bakayoko
67%
2020-21, 2023-24 Wissam Ben Yedder
65%
2003-04 Emmanuel Adebayor
64%
2013-14, 2017-18 João Moutinho
60%
2023-24 Folarin Balogun
59%
2020-21 Kevin Volland
57%
2023-24 Takumi Minamino
57%
2003-04 Fernando Morientes
55%
1996-97 Thierry Henry
55%
2016-17 Valère Germain
54%
2016-17, 2017-18 Jemerson
52%
2023-24 Denis Zakaria
48%
2013-14 Ricardo Carvalho
46%
2013-14 Andrea Raggi
45%
1996-97, 1999-00 Fabien Barthez
44%
2020-21, 2023-24 Guillermo Maripán
44%
2020-21 Aurélien Tchouaméni
41%
2003-04 Julien Rodriguez
41%
2023-24 Vanderson
41%
2020-21, 2023-24 Youssouf Fofana
41%
2020-21 Benjamin Lecomte
38%
1999-00, 2003-04 Ludovic Giuly
37%
2020-21 Axel Disasi
36%
1999-00 David Trezeguet
34%
2003-04 Patrice Evra
34%
2020-21 Caio Henrique
33%
2020-21 Benoît Badiashile
32%
2017-18 Rony Lopes
32%
2023-24 Wilfried Singo
31%
2003-04 Flavio Roma
30%
2013-14 Jérémy Toulalan
29%
2013-14 Layvin Kurzawa
29%
2023-24 Philipp Köhn
29%
2013-14 Éric Abidal
28%
1999-00 Rafael Márquez
28%
1992-93 Jürgen Klinsmann
27%
1991-92, 1992-93, 1996-97 Emmanuel Petit
26%
2003-04 Jérôme Rothen
25%
1992-93 Lilian Thuram
24%
2020-21 Ruben Aguilar
24%
2023-24 Ismail Jakobs
22%
2017-18 Keita Baldé
22%
2003-04 Sébastien Squillaci
21%
2003-04 Akis Zikos
20%
1999-00 Marco Simone
20%
2013-14 Emmanuel Rivière
19%
2017-18 Jorge
19%
2013-14 Mounir Obbadi
19%
2020-21 Sofiane Diop
19%
1996-97 Sonny Anderson
19%
1991-92, 1992-93 Youri Djorkaeff
19%
1999-00 Marcelo Gallardo
15%
1991-92, 1992-93 Claude Puel
14%
2003-04 Lucas Bernardi
14%
1999-00 Willy Sagnol
13%
1996-97 Ali Benarbia
12%
2003-04 Hugo Ibarra
12%
1991-92, 1992-93 Jean-Luc Ettori
12%
1996-97 Victor Ikpeba
12%
1999-00 Costinha
8%
1996-97 John Collins
8%
1999-00 Philippe Christanval
8%
1999-00 Sabri Lamouchi
8%
1992-93 Christian Perez
6%
1992-93, 1996-97 Franck Dumas
6%
1996-97 Martin Djetou
6%
1999-00 Philippe Léonard
6%
1996-97 Patrick Blondeau
5%
1991-92, 1992-93 Luc Sonor
4%
1991-92 Marcel Dib
4%
1992-93 Patrick Valéry
4%
1991-92 Rui Barros
4%
1996-97 Sylvain Legwinski
4%
1991-92 Gérald Passi
3%
1992-93 Jérôme Gnako
3%
1991-92 John Sivebæk
3%
No matching quizzes found
Score Distribution
Percent of People with Each Score
Percentile by Number Answered
Your Score History
You have not taken this quiz since the last reset